00872nam a22002651i 450000100060000000300090000600500170001500700030003200800410003501600180007602000180009404000200011208000300013208000170016210000240017924500870020325000120029026000350030230000280033749000550036560000240042065100750044483000550051985200320057418677ES-MaACL20230906151909.0t|020228s1976 sp ||||0| spa j7 zIND9200544438 a84-320-5617-0 aM-BN bspa cA2 a929 Mola Vidal, Emilio:32 a946"1936/39"1 aMaíz, B. Félix.10aMola, aquel hombre b: diario de la conspiración 1936 / c[por] B. Felix Maíz. a1ª ed. aBarcelona : bPlaneta, c1976. a344 p : bil ; c25 cm.1 aEspejo de España ; v17. aSerie La guerra civil14aMola Vidal, Emilio. 4aEspaña-xHistoria-y1936-1939, Guerra civil-xCausas y antecedentes.0 aEspejo de España ; v17. aSerie La guerra civil aES-MaACLjG-4651 bR.130968